[Event "10th Vellmar Chess Days"]
[Site "chess24.com"]
[Date "2018.07.13"]
[Round "3.32"]
[White "Hofschlag, Dirk"]
[Black "Hansult, Manfred"]
[Result "1-0"]
[WhiteElo "1708"]
[BlackElo "1842"]
[PlyCount "147"]
[EventDate "2018.??.??"]
[WhiteTeam "Deutschland"]
[BlackTeam "Deutschland"]
[WhiteTeamCountry "GER"]
[BlackTeamCountry "GER"]
[WhiteClock "1:30:30"]
[BlackClock "1:30:30"]

1. b3 d5 2. Bb2 Nf6 3. g3 c6 4. Bg2 e6 5. d3 Be7 6. f3 O-O 7. Nh3 Qb6 8. Nf2
Nbd7 9. O-O Qc7 10. c4 Rd8 11. Nc3 Nf8 12. cxd5 Nxd5 13. Nxd5 exd5 14. d4 Be6
15. Qd2 Qd7 16. Nd3 Qe8 17. Nc5 Bc8 18. Bc3 Nd7 19. b4 Bf6 20. Nd3 Nb6 21. Nb2
Be6 22. a4 Qd7 23. a5 Nc4 24. Nxc4 dxc4 25. e3 h5 26. h4 Bh3 27. Kh2 Bxg2 28.
Kxg2 b5 29. Qc2 Qe6 30. Rae1 Rd7 31. Rh1 Rad8 32. Kf2 Rd5 33. Reg1 Re8 34. Re1
Qd7 35. Rhg1 Rd6 36. Rd1 Qe6 37. Rde1 Qd7 38. Kg2 Rd8 39. Qe4 Rd5 40. Rh1 Re8
41. Qc2 Rd6 42. Qf2 Rd8 43. Kg1 g6 44. Qg2 Bg7 45. g4 hxg4 46. fxg4 Re8 47. Qg3
Re4 48. Qh3 Rxg4+ 49. Kf2 Rf6+ 50. Ke2 Qf5 51. Rc1 Qf2+ 52. Kd1 Rg1+ 53. Rxg1
Qxg1+ 54. Kc2 Rf2+ 55. Kb1 Qg2 56. Qc8+ Kh7 57. Qe8 Qf3 58. Re1 Rg2 59. Kc1 Re2
60. Rxe2 Qxe2 61. Qe4 Qf1+ 62. Kc2 Qf2+ 63. Bd2 Bh6 64. h5 Qf5 65. Qxf5 gxf5
66. a6 Bf8 67. Kd1 Kh6 68. e4+ Kxh5 69. d5 cxd5 70. exd5 Kg6 71. Be3 Bxb4 72.
Bxa7 Bd6 73. Bd4 Bb8 74. d6 1-0

[Event "10th Vellmar Chess Days"]
[Site "chess24.com"]
[Date "2018.07.13"]
[Round "3.33"]
[White "Woellenstein, Sebastian"]
[Black "Ruhl, Marcel"]
[Result "0-1"]
[WhiteElo "1786"]
[BlackElo "1721"]
[PlyCount "119"]
[EventDate "2018.??.??"]
[WhiteTeam "Deutschland"]
[BlackTeam "Deutschland"]
[WhiteTeamCountry "GER"]
[BlackTeamCountry "GER"]
[WhiteClock "1:30:30"]
[BlackClock "1:30:30"]

1. e4 e5 2. Nf3 Nc6 3. Bb5 Nd4 4. Nxd4 exd4 5. O-O Bc5 6. d3 Ne7 7. Bg5 c6 8.
Bc4 Qc7 9. Re1 O-O 10. Qf3 Ng6 11. Bb3 d6 12. Qg3 Be6 13. Nd2 h6 14. Bxe6 fxe6
15. Bxh6 Qf7 16. Bg5 e5 17. Nf3 Nf4 18. a3 a5 19. Rad1 Ra6 20. Nd2 b5 21. Kf1
Ra7 22. Ra1 a4 23. Reb1 b4 24. axb4 Bxb4 25. Nc4 Nh5 26. Qh4 g6 27. f3 Nf4 28.
Ra2 Re8 29. Rba1 Rea8 30. Bf6 Nh5 31. Bd8 Nf4 32. Bg5 Ne6 33. Bf6 Qh7 34. Qg4
Kf7 35. Bxe5 dxe5 36. Nxe5+ Kf6 37. Nxc6 Rb7 38. Rxa4 Rxa4 39. Rxa4 Bc5 40. e5+
Kf7 41. b4 Qxh2 42. Kf2 Be7 43. Nxe7 Rxe7 44. Ra6 Qxe5 45. g3 Qe3+ 46. Kf1 Qc1+
47. Kg2 Qxc2+ 48. Kh3 Qxd3 49. Ra1 Qb3 50. Qh4 Qxb4 51. Qh7+ Kf6 52. Qh8+ Kf7
53. Qh7+ Kf6 54. Qh8+ Rg7 55. Qh4+ g5 56. Qh6+ Ke5 57. Ra6 g4+ 58. Kh4 Qe7+ 59.
Kh5 Rg5+ 60. Kh4 0-1

[Event "10th Vellmar Chess Days"]
[Site "chess24.com"]
[Date "2018.07.14"]
[Round "4.1"]
[White "Pap, Misa"]
[Black "Spiess, Gunter"]
[Result "1/2-1/2"]
[WhiteElo "2473"]
[BlackElo "2422"]
[PlyCount "65"]
[EventDate "2018.??.??"]
[WhiteTeam "Serbien"]
[BlackTeam "Deutschland"]
[WhiteTeamCountry "SRB"]
[BlackTeamCountry "GER"]
[WhiteClock "0:04:23"]
[BlackClock "0:04:03"]

1. e4 e6 2. d4 d5 3. Nd2 c5 4. dxc5 Nf6 5. exd5 Qxd5 6. Nb3 Qxd1+ 7. Kxd1 Bd7
8. Nf3 Ba4 9. Nfd4 a6 10. Be2 Nbd7 11. c6 bxc6 12. Na5 c5 13. Nxe6 fxe6 14. b3
Nb6 15. bxa4 Nxa4 16. Ke1 Nc3 17. Bf3 Rd8 18. Bd2 Nfe4 19. Be3 g6 20. Bxe4 Nxe4
21. Rd1 Rxd1+ 22. Kxd1 Bg7 23. c4 Bd4 24. Bxd4 cxd4 25. Ke2 Kd7 26. f3 Nc5 27.
Rb1 Kc7 28. Rb4 e5 29. Nb3 Kc6 30. Na5+ Kc7 31. Nb3 Kc6 32. Na5+ Kc7 33. Nb3
1/2-1/2

[Event "10th Vellmar Chess Days"]
[Site "chess24.com"]
[Date "2018.07.14"]
[Round "4.2"]
[White "Wenninger, Philipp"]
[Black "Lesny, Florian"]
[Result "1-0"]
[WhiteElo "2371"]
[BlackElo "2066"]
[PlyCount "147"]
[EventDate "2018.??.??"]
[WhiteTeam "Deutschland"]
[BlackTeam "Deutschland"]
[WhiteTeamCountry "GER"]
[BlackTeamCountry "GER"]
[WhiteClock "0:03:36"]
[BlackClock "0:01:58"]

1. d4 d5 2. c4 c6 3. Nf3 Nf6 4. Nc3 e6 5. Bg5 Nbd7 6. e3 Qa5 7. Nd2 Bb4 8. Qc2
O-O 9. Be2 e5 10. O-O Re8 11. Nb3 Qc7 12. cxd5 Bxc3 13. dxc6 Bxb2 14. Qxb2 Qxc6
15. Rac1 Qb6 16. Rfd1 h6 17. Bh4 exd4 18. Qxd4 Re4 19. Qxb6 axb6 20. Bg3 Nf8
21. Nd4 Bd7 22. Rd2 Ree8 23. Rb2 Ne6 24. Nxe6 Rxe6 25. h3 Ne4 26. Bf4 Rc6 27.
Rxc6 Bxc6 28. Bc4 Ra4 29. Bb3 Ra3 30. Bc7 Nc5 31. Bc4 Rc3 32. Be2 Rc1+ 33. Kh2
Ne4 34. Bd3 Rc3 35. Bb1 Rc1 36. Bd3 Rc3 37. Bb1 Rc1 38. f3 Nd2 39. Bd3 Nf1+ 40.
Bxf1 Rxf1 41. Bxb6 Rd1 42. Bd4 Bd5 43. Rc2 Bc6 44. h4 f6 45. Kg3 Kf7 46. a4 Rd3
47. a5 Ra3 48. Bb6 Ke8 49. Rd2 Bd7 50. Rc2 Bc6 51. Kg4 Kf7 52. Rd2 Ra4+ 53. Kg3
f5 54. Rd8 g6 55. Rh8 h5 56. Rc8 Bd5 57. Rc7+ Kg8 58. Re7 Bc6 59. Rc7 Ra2 60.
Kf4 Rxg2 61. Ke5 Bxf3 62. Kf6 Rd2 63. Bd4 Bd5 64. Rc8+ Kh7 65. Ke5 Ba2 66. Rc7+
Kg8 67. Rxb7 Bc4 68. Rc7 Bd3 69. Ke6 Rc2 70. Rxc2 Bxc2 71. a6 Be4 72. Bf6 Kf8
73. Kd6 Kf7 74. Bg5 1-0

[Event "10th Vellmar Chess Days"]
[Site "chess24.com"]
[Date "2018.07.14"]
[Round "4.3"]
[White "Hahn, Markus"]
[Black "Hoffmann, Sebastian"]
[Result "1-0"]
[WhiteElo "2263"]
[BlackElo "2174"]
[PlyCount "59"]
[EventDate "2018.??.??"]
[WhiteTeam "Deutschland"]
[BlackTeam "Deutschland"]
[WhiteTeamCountry "GER"]
[BlackTeamCountry "GER"]
[WhiteClock "0:10:58"]
[BlackClock "0:02:58"]

1. d4 d5 2. Nf3 Nf6 3. c4 c6 4. Qc2 dxc4 5. Qxc4 Bg4 6. Nc3 Nbd7 7. Bf4 Bxf3 8.
gxf3 Qa5 9. Qb3 Nd5 10. Qxb7 Rd8 11. Bd2 Nb4 12. Nd5 Nc2+ 13. Kd1 Qxd5 14. Kxc2
e5 15. e4 Qxd4 16. Be3 Qa4+ 17. b3 Qa3 18. Bc4 Bd6 19. Rhd1 O-O 20. Qxa7 Qxa7
21. Bxa7 Nb8 22. a4 Rfe8 23. a5 Bb4 24. a6 Rxd1 25. Rxd1 Kf8 26. Be3 Ke7 27. a7
Nd7 28. Ra1 Ra8 29. Ra6 Kd6 30. Bd5 1-0

[Event "10th Vellmar Chess Days"]
[Site "chess24.com"]
[Date "2018.07.14"]
[Round "4.4"]
[White "Nilsson, Anders 1976"]
[Black "Ruhl, Moritz"]
[Result "1-0"]
[WhiteElo "2228"]
[BlackElo "1783"]
[PlyCount "41"]
[EventDate "2018.??.??"]
[WhiteTeam "Schweden"]
[BlackTeam "Deutschland"]
[WhiteTeamCountry "SWE"]
[BlackTeamCountry "GER"]
[WhiteClock "0:45:57"]
[BlackClock "0:34:06"]

1. d4 Nf6 2. Nf3 e6 3. Bg5 Be7 4. Nbd2 d5 5. e3 h6 6. Bh4 O-O 7. Ne5 Nfd7 8.
Bxe7 Qxe7 9. f4 c5 10. c3 Nxe5 11. dxe5 Bd7 12. Bd3 Bc6 13. O-O Rd8 14. Qh5 d4
15. exd4 cxd4 16. c4 Qb4 17. Ne4 Bxe4 18. Bxe4 Nc6 19. f5 Nxe5 20. fxe6 f6 21.
Qf5 1-0

[Event "10th Vellmar Chess Days"]
[Site "chess24.com"]
[Date "2018.07.14"]
[Round "4.5"]
[White "Weber, Samuel"]
[Black "Reitz, Philipp"]
[Result "0-1"]
[WhiteElo "2197"]
[BlackElo "1990"]
[PlyCount "76"]
[EventDate "2018.??.??"]
[WhiteTeam "Deutschland"]
[BlackTeam "Deutschland"]
[WhiteTeamCountry "GER"]
[BlackTeamCountry "GER"]
[WhiteClock "0:02:56"]
[BlackClock "0:16:35"]

1. Nf3 c5 2. g3 g6 3. Bg2 Nc6 4. O-O Bg7 5. d3 e5 6. c4 Nge7 7. Nc3 d6 8. Rb1
O-O 9. a3 a5 10. Ne1 Be6 11. Nc2 d5 12. cxd5 Nxd5 13. Na4 b6 14. Ne3 Nxe3 15.
Bxe3 Rc8 16. Qd2 Nd4 17. Bxd4 exd4 18. b4 axb4 19. axb4 c4 20. dxc4 Bxc4 21.
Rfd1 Re8 22. Bf3 Qf6 23. b5 d3 24. exd3 Bxb5 25. Rxb5 Qxf3 26. Rf1 Bd4 27. Rb4
Re2 28. Qxe2 Qxe2 29. Rxd4 Qe5 30. Re4 Qb5 31. Rfe1 Rc2 32. Re8+ Kg7 33. R1e4
Qxd3 34. Re3 Qd2 35. Re2 Qd1+ 36. Re1 Qd4 37. R8e4 Qxf2+ 38. Kh1 Qxh2# 0-1

[Event "10th Vellmar Chess Days"]
[Site "chess24.com"]
[Date "2018.07.14"]
[Round "4.6"]
[White "Wiegel, Joerg"]
[Black "Euler, Gerd"]
[Result "0-1"]
[WhiteElo "2094"]
[BlackElo "2307"]
[PlyCount "48"]
[EventDate "2018.??.??"]
[WhiteTeam "Deutschland"]
[BlackTeam "Deutschland"]
[WhiteTeamCountry "GER"]
[BlackTeamCountry "GER"]
[WhiteClock "0:31:16"]
[BlackClock "0:48:06"]

1. Nf3 f5 2. d4 Nf6 3. h3 d5 4. Bf4 c5 5. c3 Qb6 6. Qb3 c4 7. Qxb6 axb6 8. e3
e6 9. Be2 b5 10. O-O b4 11. Bxb8 Rxb8 12. Ne5 Ne4 13. Re1 Ra8 14. f3 bxc3 15.
bxc3 Ng3 16. e4 Be7 17. exd5 exd5 18. a4 Rf8 19. Bd1 Kd8 20. Na3 Bg5 21. Ra2
Ra6 22. Nb5 Bf4 23. Rb2 g5 24. Bc2 g4 0-1

[Event "10th Vellmar Chess Days"]
[Site "chess24.com"]
[Date "2018.07.14"]
[Round "4.7"]
[White "Werner, Martin"]
[Black "Kersten, Uwe"]
[Result "0-1"]
[WhiteElo "2018"]
[BlackElo "2237"]
[PlyCount "52"]
[EventDate "2018.??.??"]
[WhiteTeam "Deutschland"]
[BlackTeam "Deutschland"]
[WhiteTeamCountry "GER"]
[BlackTeamCountry "GER"]
[WhiteClock "0:19:50"]
[BlackClock "0:08:59"]

1. e4 c5 2. c3 d6 3. d4 Nf6 4. dxc5 Nc6 5. Bc4 Nxe4 6. Bxf7+ Kxf7 7. Qd5+ e6 8.
Qxe4 d5 9. Qf4+ Qf6 10. Nf3 Bxc5 11. Qc7+ Qe7 12. Bf4 Re8 13. Ne5+ Nxe5 14.
Qxe5 Kg8 15. Nd2 Rf8 16. Nf3 Rf5 17. Qc7 Qf8 18. Bg3 e5 19. Bxe5 Rf7 20. Qa5 b6
21. Qb5 Rxf3 22. gxf3 Qxf3 23. Kd2 Qxf2+ 24. Qe2 Be3+ 25. Kd1 Bg4 26. Qxg4 Qd2#
0-1

[Event "10th Vellmar Chess Days"]
[Site "chess24.com"]
[Date "2018.07.14"]
[Round "4.8"]
[White "Powalla, Christian"]
[Black "Dorst, Johannes"]
[Result "0-1"]
[WhiteElo "1812"]
[BlackElo "2217"]
[PlyCount "82"]
[EventDate "2018.??.??"]
[WhiteTeam "Deutschland"]
[BlackTeam "Deutschland"]
[WhiteTeamCountry "GER"]
[BlackTeamCountry "GER"]
[WhiteClock "0:00:40"]
[BlackClock "0:11:29"]

1. e4 g6 2. d4 Bg7 3. Nc3 c6 4. f4 d5 5. e5 Nh6 6. Nf3 Bg4 7. Bd3 Nf5 8. Bxf5
Bxf5 9. O-O h5 10. Qe2 Bg4 11. Nd1 e6 12. Ne3 Bxf3 13. Rxf3 Nd7 14. b3 Qb6 15.
Bb2 Bf8 16. c4 dxc4 17. Nxc4 Qc7 18. Rd3 Nb6 19. Ne3 O-O-O 20. a4 Nd5 21. Nxd5
Rxd5 22. Qd2 a5 23. Rc1 Qb6 24. Bc3 Ba3 25. Rb1 Rhd8 26. Kf1 Kb8 27. Ke2 Qa6
28. Rd1 R8d7 29. Ke3 Qb6 30. Qa2 Be7 31. Qb2 Rd8 32. g3 h4 33. g4 g5 34. Qf2 f6
35. Bb2 fxe5 36. fxg5 exd4+ 37. Bxd4 Rxd4 38. Rxd4 e5 39. g6 exd4+ 40. Ke4 Qxb3
41. Rxd4 Qe6+ 0-1

[Event "10th Vellmar Chess Days"]
[Site "chess24.com"]
[Date "2018.07.14"]
[Round "4.9"]
[White "Hahn, Florian"]
[Black "Eggenstein, Frank"]
[Result "1/2-1/2"]
[WhiteElo "2189"]
[BlackElo "1987"]
[PlyCount "34"]
[EventDate "2018.??.??"]
[WhiteTeam "Deutschland"]
[BlackTeam "Deutschland"]
[WhiteTeamCountry "GER"]
[BlackTeamCountry "GER"]
[WhiteClock "1:30:30"]
[BlackClock "1:30:30"]

1. Nf3 g6 2. c4 Bg7 3. d4 d6 4. g3 Nf6 5. Bg2 O-O 6. Nc3 Nbd7 7. O-O e5 8. h3
a6 9. e4 b5 10. Re1 b4 11. Nd5 Rb8 12. Bg5 c6 13. Nxf6+ Bxf6 14. Be3 Qc7 15. c5
dxc5 16. dxe5 Nxe5 17. Nxe5 Bxe5 1/2-1/2

[Event "10th Vellmar Chess Days"]
[Site "chess24.com"]
[Date "2018.07.14"]
[Round "4.10"]
[White "Henrich, Thomas"]
[Black "Tremoehlen, Thomas"]
[Result "1-0"]
[WhiteElo "2179"]
[BlackElo "1980"]
[PlyCount "61"]
[EventDate "2018.??.??"]
[WhiteTeam "Deutschland"]
[BlackTeam "Deutschland"]
[WhiteTeamCountry "GER"]
[BlackTeamCountry "GER"]
[WhiteClock "1:30:30"]
[BlackClock "1:30:30"]

1. d4 Nf6 2. c4 g6 3. f3 Bg7 4. e4 d6 5. Be3 O-O 6. Qd2 e5 7. Ne2 exd4 8. Nxd4
Nc6 9. Nxc6 bxc6 10. Nc3 Re8 11. Rd1 c5 12. Bxc5 Bb7 13. Be3 Nh5 14. Be2 f5 15.
exf5 Qh4+ 16. Bf2 Qxc4 17. O-O Qf7 18. fxg6 Qxg6 19. Bc4+ Kf8 20. Bd3 Qf7 21.
Rde1 Nf4 22. Be4 d5 23. Bc2 Bh6 24. Qd4 Kg8 25. Bg3 Ne6 26. Qg4+ Bg7 27. Be5 c5
28. Bxg7 Nxg7 29. Nb5 Red8 30. Qh4 Nf5 31. Qg5+ 1-0

[Event "10th Vellmar Chess Days"]
[Site "chess24.com"]
[Date "2018.07.14"]
[Round "4.11"]
[White "Pauls, Wilhelm"]
[Black "Meyner, Hannes"]
[Result "0-1"]
[WhiteElo "1971"]
[BlackElo "2170"]
[PlyCount "118"]
[EventDate "2018.??.??"]
[WhiteTeam "Deutschland"]
[BlackTeam "Deutschland"]
[WhiteTeamCountry "GER"]
[BlackTeamCountry "GER"]
[WhiteClock "1:30:30"]
[BlackClock "1:30:30"]

1. e4 c6 2. d4 d5 3. exd5 cxd5 4. c4 Nf6 5. Nc3 g6 6. cxd5 Nxd5 7. Qb3 Nb6 8.
Nf3 Bg7 9. Bb5+ Bd7 10. Ne5 O-O 11. Nxd7 N8xd7 12. Be3 Nf6 13. Rd1 Nfd5 14. Bg5
Nc7 15. Be2 Ne6 16. Be3 Nxd4 17. Bxd4 Bxd4 18. Nb5 e5 19. O-O Qd7 20. Kh1 Kg7
21. f4 f6 22. a4 Rad8 23. Nxa7 Qxa4 24. Qxa4 Nxa4 25. fxe5 fxe5 26. Rxf8 Rxf8
27. Nb5 Bxb2 28. Rd7+ Rf7 29. Rxf7+ Kxf7 30. Nd6+ Ke7 31. Nxb7 Bd4 32. Na5 Nc3
33. Bc4 Kd6 34. Nb3 Be3 35. g4 e4 36. Kg2 Ke5 37. Kg3 Bf4+ 38. Kg2 Nd1 39. Be2
Nc3 40. Bc4 Bg5 41. Kg3 Be3 42. Bg8 Ne2+ 43. Kg2 h6 44. Bc4 Nf4+ 45. Kg3 g5 46.
h3 Ng6 47. Bf7 Nh4 48. Bc4 Nf3 49. Be2 Nh4 50. Bc4 Bd4 51. Be2 Bc3 52. Kf2 Kf4
53. Nc1 Bd4+ 54. Ke1 Ng2+ 55. Kd2 Be3+ 56. Kc2 Bxc1 57. Kxc1 Kg3 58. Kd2 e3+
59. Kd3 Kf2 0-1

[Event "10th Vellmar Chess Days"]
[Site "chess24.com"]
[Date "2018.07.14"]
[Round "4.12"]
[White "Weiss, Jochen"]
[Black "Reichenbaecher, Thomas"]
[Result "1/2-1/2"]
[WhiteElo "2145"]
[BlackElo "1966"]
[PlyCount "100"]
[EventDate "2018.??.??"]
[WhiteTeam "Deutschland"]
[BlackTeam "Deutschland"]
[WhiteTeamCountry "GER"]
[BlackTeamCountry "GER"]
[WhiteClock "1:30:30"]
[BlackClock "1:30:30"]

1. d4 d5 2. c4 e6 3. Nc3 Nf6 4. Bg5 c6 5. e3 h6 6. Bf4 Bd6 7. Bg3 Bxg3 8. hxg3
Qa5 9. Qd2 Nbd7 10. Nf3 dxc4 11. Bxc4 Nb6 12. Bb3 Nbd5 13. Rc1 Bd7 14. Ne5 Rd8
15. f3 Bc8 16. Nxd5 Qxd2+ 17. Kxd2 exd5 18. g4 Ke7 19. a3 Nd7 20. Nd3 Nf6 21.
Nf2 Be6 22. Ba2 Rc8 23. Bb1 Rhd8 24. Bd3 Rc7 25. Rc3 Rdc8 26. Rhc1 Nd7 27. Nh1
c5 28. dxc5 Nxc5 29. R1c2 Kd6 30. b4 Na4 31. Rxc7 Rxc7 32. Rxc7 Kxc7 33. Bc2
Nb6 34. Bd3 Kd6 35. Kc3 g6 36. Kd4 Nd7 37. Ng3 Nf8 38. Ne2 Bd7 39. Nf4 Ne6+ 40.
Nxe6 Bxe6 41. Bb5 g5 42. Ba4 b6 43. Bb5 f6 44. Bd3 Bc8 45. Bb5 Bb7 46. Ba4 Ba8
47. Bb3 Bb7 48. Ba2 Ba8 49. b5 Bb7 50. Bb1 Bc8 1/2-1/2

[Event "10th Vellmar Chess Days"]
[Site "chess24.com"]
[Date "2018.07.14"]
[Round "4.13"]
[White "Toepfer, Albrecht"]
[Black "Lange, Lars"]
[Result "1-0"]
[WhiteElo "2077"]
[BlackElo "1846"]
[PlyCount "71"]
[EventDate "2018.??.??"]
[WhiteTeam "Deutschland"]
[BlackTeam "Deutschland"]
[WhiteTeamCountry "GER"]
[BlackTeamCountry "GER"]
[WhiteClock "1:30:30"]
[BlackClock "1:30:30"]

1. Nf3 Nf6 2. c4 g6 3. b4 Bg7 4. Bb2 O-O 5. g3 b6 6. Bg2 Bb7 7. O-O d6 8. d3
Nbd7 9. Nbd2 c5 10. b5 e5 11. a4 a5 12. bxa6 Rxa6 13. Qb3 Qa8 14. Ra2 Ne8 15.
Rfa1 Nc7 16. Bc3 Rb8 17. Ne1 Bxg2 18. Nxg2 f5 19. Nb1 d5 20. Na3 d4 21. Bd2 Kh8
22. Nb5 Nxb5 23. axb5 Rxa2 24. Rxa2 Qb7 25. Ra6 Ra8 26. Qa4 Rxa6 27. bxa6 Qa7
28. Nh4 Kg8 29. Qc6 Kf7 30. Bg5 Bf6 31. Nf3 e4 32. dxe4 fxe4 33. Qxe4 Qxa6 34.
Qd5+ Ke7 35. Bxf6+ Nxf6 36. Qe5+ 1-0

[Event "10th Vellmar Chess Days"]
[Site "chess24.com"]
[Date "2018.07.14"]
[Round "4.14"]
[White "Krause, Maximilian"]
[Black "Heinelt, Manfred"]
[Result "1-0"]
[WhiteElo "1827"]
[BlackElo "2126"]
[PlyCount "53"]
[EventDate "2018.??.??"]
[WhiteTeam "Deutschland"]
[BlackTeam "Deutschland"]
[WhiteTeamCountry "GER"]
[BlackTeamCountry "GER"]
[WhiteClock "1:30:30"]
[BlackClock "1:30:30"]

1. e4 c5 2. c3 Qa5 3. Nf3 Nc6 4. d4 cxd4 5. Nxd4 Nf6 6. f3 d5 7. Nb3 Qd8 8.
exd5 Qxd5 9. Qxd5 Nxd5 10. Bd3 e5 11. O-O Be6 12. Bc2 Be7 13. Re1 a5 14. a4 Rd8
15. Na3 Nb6 16. Be3 Nxa4 17. Nxa5 Nxb2 18. Nxb7 Rc8 19. Nc5 Bd5 20. Reb1 Nc4
21. Nxc4 Bxc4 22. Bf5 Rc7 23. Ra4 g6 24. Bd7+ Kf8 25. Bh6+ Kg8 26. Bxc6 Bxc5+
27. Kh1 1-0

[Event "10th Vellmar Chess Days"]
[Site "chess24.com"]
[Date "2018.07.14"]
[Round "4.15"]
[White "Arya Nirag Shah"]
[Black "Zahn, Richard"]
[Result "1/2-1/2"]
[WhiteElo "1819"]
[BlackElo "2090"]
[PlyCount "73"]
[EventDate "2018.??.??"]
[WhiteTeam "Indien"]
[BlackTeam "Deutschland"]
[WhiteTeamCountry "IND"]
[BlackTeamCountry "GER"]
[WhiteClock "1:30:30"]
[BlackClock "1:30:30"]

1. d4 e6 2. Nf3 d5 3. Bf4 Bd6 4. Bg3 f5 5. e3 Nf6 6. c4 c6 7. Qc2 O-O 8. Bd3
Ne4 9. Nbd2 Qe7 10. c5 Bc7 11. b4 a5 12. Bxc7 Qxc7 13. bxa5 Rxa5 14. O-O Nd7
15. Nb3 Ra8 16. Nfd2 b6 17. cxb6 Qxb6 18. Rfc1 Bb7 19. f3 Nef6 20. a4 Ba6 21.
a5 Qc7 22. Bxa6 Rxa6 23. Nc5 Nxc5 24. Qxc5 Rfa8 25. Nb3 e5 26. dxe5 Qxe5 27.
Qd4 Qc7 28. Ra4 Nd7 29. Nc5 Rxa5 30. Rxa5 Rxa5 31. Nxd7 Qxd7 32. e4 fxe4 33.
fxe4 Qa7 34. Qxa7 Rxa7 35. Rxc6 dxe4 36. Rc4 Re7 37. Kf2 1/2-1/2

[Event "10th Vellmar Chess Days"]
[Site "chess24.com"]
[Date "2018.07.14"]
[Round "4.16"]
[White "Scharrer, Udo"]
[Black "Krien, Hartmut"]
[Result "1-0"]
[WhiteElo "2054"]
[BlackElo "1834"]
[PlyCount "69"]
[EventDate "2018.??.??"]
[WhiteTeam "Deutschland"]
[BlackTeam "Deutschland"]
[WhiteTeamCountry "GER"]
[BlackTeamCountry "GER"]
[WhiteClock "1:30:30"]
[BlackClock "1:30:30"]

1. d4 Nf6 2. c4 g6 3. Nc3 Bg7 4. e4 O-O 5. Be2 d6 6. Bg5 h6 7. Be3 e5 8. d5 Ne8
9. Qd2 Kh7 10. g4 f5 11. gxf5 gxf5 12. exf5 Bxf5 13. Bd3 Bxd3 14. Qxd3+ Kh8 15.
O-O-O Nf6 16. h3 Nh5 17. Nge2 Nf4 18. Nxf4 exf4 19. Bd4 Bxd4 20. Qxd4+ Qf6 21.
Rhe1 Qxd4 22. Rxd4 Na6 23. Re7 Rae8 24. Rde4 Rxe7 25. Rxe7 Kg8 26. Kd2 Rf7 27.
Rxf7 Kxf7 28. Ne2 Kf6 29. Nxf4 Kg5 30. Ne6+ Kf6 31. Nd4 Ke5 32. Ke3 Nb8 33. f4+
Kf6 34. Nb5 Ke7 35. Nxc7 1-0

[Event "10th Vellmar Chess Days"]
[Site "chess24.com"]
[Date "2018.07.14"]
[Round "4.17"]
[White "Luke, Niko"]
[Black "Stoy, Ulf"]
[Result "1/2-1/2"]
[WhiteElo "1788"]
[BlackElo "2006"]
[PlyCount "25"]
[EventDate "2018.??.??"]
[WhiteTeam "Deutschland"]
[BlackTeam "Deutschland"]
[WhiteTeamCountry "GER"]
[BlackTeamCountry "GER"]
[WhiteClock "1:30:30"]
[BlackClock "1:30:30"]

1. d4 d6 2. e4 Nf6 3. f3 c5 4. d5 g6 5. c4 Bg7 6. Be3 O-O 7. Ne2 e6 8. Nec3
exd5 9. exd5 a6 10. a4 Nbd7 11. Qd2 Ne5 12. Be2 Rb8 13. Bg5 1/2-1/2

[Event "10th Vellmar Chess Days"]
[Site "chess24.com"]
[Date "2018.07.14"]
[Round "4.18"]
[White "Brockhoff, Moritz"]
[Black "Henkemeier, Michael"]
[Result "1-0"]
[WhiteElo "1927"]
[BlackElo "1856"]
[PlyCount "97"]
[EventDate "2018.??.??"]
[WhiteTeam "Deutschland"]
[BlackTeam "Deutschland"]
[WhiteTeamCountry "GER"]
[BlackTeamCountry "GER"]
[WhiteClock "1:30:30"]
[BlackClock "1:30:30"]

1. Nf3 d5 2. c4 c6 3. d4 Nf6 4. Nc3 dxc4 5. e4 b5 6. Bg5 b4 7. Na4 Nxe4 8. Bxc4
Nxg5 9. Nxg5 e6 10. Ne4 Be7 11. O-O O-O 12. Rc1 Nd7 13. Bb3 Ba6 14. Bc4 Bxc4
15. Rxc4 Rc8 16. Qc2 Nf6 17. Nxf6+ gxf6 18. Rd1 Qd5 19. Nc5 a5 20. Na4 Rc7 21.
Qd3 Kh8 22. Rdc1 Rg8 23. f3 Bd6 24. Qe4 Qg5 25. g3 f5 26. Qe1 f4 27. g4 Qd5 28.
Kf2 Rgc8 29. Nb6 Qb5 30. Nxc8 Rxc8 31. Qe4 c5 32. Kg2 Qc6 33. dxc5 Qxe4 34.
fxe4 Be5 35. R1c2 Rc6 36. Kf3 Kg7 37. h4 Kg6 38. g5 Kh5 39. Rg2 Kg6 40. Kg4 Bc7
41. Re2 Be5 42. h5+ Kg7 43. Rd2 Kf8 44. Rd8+ Ke7 45. Ra8 Bxb2 46. Kxf4 Bc3 47.
Rxa5 Bd2+ 48. Kg4 Bc3 49. a3 1-0

[Event "10th Vellmar Chess Days"]
[Site "chess24.com"]
[Date "2018.07.14"]
[Round "4.19"]
[White "Kroemer, Alexander"]
[Black "Koenig, Friedrich Theodor"]
[Result "0-1"]
[WhiteElo "1564"]
[BlackElo "1833"]
[PlyCount "64"]
[EventDate "2018.??.??"]
[WhiteTeam "Deutschland"]
[BlackTeam "Deutschland"]
[WhiteTeamCountry "GER"]
[BlackTeamCountry "GER"]
[WhiteClock "1:30:30"]
[BlackClock "1:30:30"]

1. e4 d5 2. exd5 Qxd5 3. Nc3 Qd8 4. Nf3 Nf6 5. Bb5+ Nbd7 6. O-O a6 7. Be2 b5 8.
a3 Bb7 9. b4 c5 10. bxc5 Nxc5 11. Rb1 Qc7 12. a4 bxa4 13. Ba3 e6 14. d4 Nce4
15. Nxe4 Nxe4 16. Bxf8 Kxf8 17. Qe1 a5 18. c4 g6 19. Bd3 Nf6 20. Ng5 h6 21.
Nxe6+ fxe6 22. Qxe6 Kg7 23. Rb6 Rhf8 24. Rfb1 Ra7 25. c5 Bd5 26. Qe3 a3 27. g4
a2 28. Rc1 Re8 29. Qxe8 Nxe8 30. Rxg6+ Kf7 31. Rxh6 Qf4 32. Rh7+ Ng7 0-1

[Event "10th Vellmar Chess Days"]
[Site "chess24.com"]
[Date "2018.07.14"]
[Round "4.20"]
[White "Retzlaff, Thomas"]
[Black "Meyer, Marcel"]
[Result "1-0"]
[WhiteElo "1879"]
[BlackElo "1776"]
[PlyCount "51"]
[EventDate "2018.??.??"]
[WhiteTeam "Deutschland"]
[BlackTeam "Deutschland"]
[WhiteTeamCountry "GER"]
[BlackTeamCountry "GER"]
[WhiteClock "1:30:59"]
[BlackClock "1:30:30"]

1. d4 Nf6 2. Bf4 d5 3. e3 c5 4. c3 e6 5. Nd2 Nc6 6. Bd3 Bd6 7. Bg3 O-O 8. Ngf3
c4 9. Bc2 b5 10. Qe2 Bb7 11. Ne5 a5 12. e4 dxe4 13. Nxe4 Nxe4 14. Bxe4 Qc7 15.
f4 Nxe5 16. fxe5 Be7 17. O-O Rad8 18. Rae1 Bd5 19. Qh5 h6 20. Rf6 Bxe4 21. Rxe4
Bxf6 22. exf6 Rd5 23. fxg7 Kxg7 24. Qg4+ Kh7 25. Bxc7 f5 26. Qf3 1-0

[Event "10th Vellmar Chess Days"]
[Site "chess24.com"]
[Date "2018.07.14"]
[Round "4.21"]
[White "Thomasson, Staffan"]
[Black "Fromm, Nick"]
[Result "0-1"]
[WhiteElo "1868"]
[BlackElo "1614"]
[PlyCount "78"]
[EventDate "2018.??.??"]
[WhiteTeam "Schweden"]
[BlackTeam "Deutschland"]
[WhiteTeamCountry "SWE"]
[BlackTeamCountry "GER"]
[WhiteClock "1:30:30"]
[BlackClock "1:30:30"]

1. c4 Nf6 2. g3 c6 3. Bg2 d5 4. Nf3 dxc4 5. Na3 g6 6. O-O Bg7 7. Nxc4 O-O 8. d4
Bf5 9. Qb3 Qc8 10. Re1 Na6 11. Bg5 Be6 12. Qc2 c5 13. Rac1 b5 14. Ncd2 c4 15.
e4 Nb4 16. Qb1 Nd3 17. d5 Nxe1 18. dxe6 Nxf3+ 19. Bxf3 Qxe6 20. e5 Qxe5 21. Bf4
Qd4 22. Be3 Qd7 23. Bxa8 Rxa8 24. Nf3 Qb7 25. Nd4 Ng4 26. b3 Nxe3 27. fxe3 Bxd4
28. exd4 Qd5 29. Qb2 Rd8 30. Re1 Qxd4+ 31. Qxd4 Rxd4 32. bxc4 Rxc4 33. Rxe7
Rc1+ 34. Kf2 Rc2+ 35. Re2 Rxe2+ 36. Kxe2 Kf8 37. Kd3 Ke7 38. Kc3 a5 39. Kd4 Kd6
0-1